Vplyv kombinácie ZM vývalok-odliatok a vývalok-výkovok na kvalitu zvarového spoja u zliatiny AlMg5, zváranej metódou TIG : Diplomová práca

Gespeichert in:
Bibliographische Detailangaben
1. Verfasser: Pavlík, Miroslav (Verfasst von)
Weitere Verfasser: Luhová, Ivica (xxx)
Format: Manuskript Buch
Sprache:Slowakisch
Veröffentlicht: Trnava : SVŠT v Bratislave StF KZZaPM, 1988
Schlagworte:
Tags: Tag hinzufügen
Keine Tags, Fügen Sie das erste Tag hinzu!

MARC

LEADER 00000ntm a22000003a 4500
001 stu91760
005 20160719162650.3
008 041124s1988----cs------------------slo-d
040 |a STU  |b slo 
041 0 |a slo 
044 |a cs 
100 1 |a Pavlík, Miroslav  |4 aut 
245 1 |a Vplyv kombinácie ZM vývalok-odliatok a vývalok-výkovok na kvalitu zvarového spoja u zliatiny AlMg5, zváranej metódou TIG :  |b Diplomová práca 
260 |a Trnava :  |b SVŠT v Bratislave StF KZZaPM,  |c 1988 
300 |a 65 s 
650 7 |a strojárska technológia  |2 stusub 
700 1 |a Luhová, Ivica  |4 xxx 
996 |b 284M042417  |c M*DP-2555  |l MMSKP  |s P  |a 0  |w stu91760_0001